ये कोठेवालियां (Record no. 48557)
[ view plain ]
| 000 -LEADER | |
|---|---|
| fixed length control field | 00517nam a22001817a 4500 |
| 008 - FIXED-LENGTH DATA ELEMENTS--GENERAL INFORMATION | |
| fixed length control field | 230630b |||||||| |||| 00| 0 eng d |
| 020 ## - INTERNATIONAL STANDARD BOOK NUMBER | |
| International Standard Book Number | 978-818031-257-1 |
| 040 ## - CATALOGING SOURCE | |
| Original cataloging agency | National Science Library |
| Transcribing agency | National Science Library |
| 080 ## - UNIVERSAL DECIMAL CLASSIFICATION NUMBER | |
| Universal Decimal Classification number | 82-31NAG |
| Item number | Q6 |
| 100 ## - MAIN ENTRY--PERSONAL NAME | |
| Personal name | Nagar, Amrit Lal |
| 245 ## - TITLE STATEMENT | |
| Title | ये कोठेवालियां |
| 246 ## - VARYING FORM OF TITLE | |
| Title proper/short title | Ye Kothevaliyan |
| 260 ## - PUBLICATION, DISTRIBUTION, ETC. | |
| Place of publication, distribution, etc. | Allahabad: |
| Name of publisher, distributor, etc. | Lokbharti Prakashan, |
| Date of publication, distribution, etc. | 2016 |
| 300 ## - PHYSICAL DESCRIPTION | |
| Extent | 198p. |
| 650 ## - SUBJECT ADDED ENTRY--TOPICAL TERM | |
| Topical term or geographic name entry element | Story |
| 653 ## - INDEX TERM--UNCONTROLLED | |
| Uncontrolled term | Literature |
| 942 ## - ADDED ENTRY ELEMENTS (KOHA) | |
| Source of classification or shelving scheme | Universal Decimal Classification |
| Koha item type | Hindi Books |
| Withdrawn status | Lost status | Source of classification or shelving scheme | Damaged status | Not for loan | Home library | Current library | Shelving location | Date acquired | Total Checkouts | Full call number | Barcode | Date last seen | Price effective from | Koha item type |
|---|---|---|---|---|---|---|---|---|---|---|---|---|---|---|
| Universal Decimal Classification | National Science Library | National Science Library | GF/REF/Rk-2/C-9/R-3 | 07/02/2019 | 82-31NAG Q6 | 254535 | 30/06/2023 | 07/02/2019 | Hindi Books |